[Event "Bundesliga 2324"]
[Site "Germany"]
[Date "2024.02.24"]
[Round "10.8"]
[White "Hoeffer, David"]
[Black "Meskovs, Nikita"]
[Result "0-1"]
[WhiteElo "2323"]
[BlackElo "2526"]
[PlyCount "116"]
[EventDate "2023.10.21"]
[EventType "team-tourn"]
[EventRounds "15"]
[EventCountry "GER"]
[SourceTitle "CB09_2024"]
[SourceDate "2024.02.28"]
[SourceVersion "1"]
[SourceVersionDate "2024.02.28"]
[SourceQuality "1"]
[WhiteTeam "Lister Turm"]
[BlackTeam "Kiel Turm"]
[WhiteTeamCountry "GER"]
[BlackTeamCountry "GER"]

1. d4 d5 2. Nc3 Bf5 3. f3 Bg6 4. e4 dxe4 5. fxe4 e5 6. dxe5 Qxd1+ 7. Kxd1 Nd7 8. Nf3 0-0-0 9. Bd3 Ne7 10. Bg5 h6 11. Bxe7 Bxe7 12. Nd5 Rde8 13. e6 fxe6 14. Nxe7+ Rxe7 15. e5 Bh5 16. Re1 Rf8 17. Re3 Nb6 18. c4 Rf4 19. Rc1 Ref7 20. Ke2 Bxf3+ 21. Rxf3 Rxf3 22. gxf3 Nd7 23. Be4 c5 24. Ke3 Nxe5 25. h4 g5 26. hxg5 hxg5 27. b3 Rg7 28. Rh1 Nf7 29. Rh2 Kc7 30. f4 gxf4+ 31. Kxf4 b6 32. Bf3 Kd6 33. Rd2+ Ke7 34. Rh2 Kf6 35. Rd2 Rh7 36. Be4 Rh4+ 37. Ke3 Ke5 38. Bg2 Nd6 39. Kf3 Rf4+ 40. Ke2 Rd4 41. Rb2 Nf5 42. Rb1 Nh4 43. Bc6 Ng6 44. Re1 Kf5 45. Ke3 Nf4 46. Rh1 Rd3+ 47. Kf2 Rd6 48. Ba4 Rd2+ 49. Ke3 Rd3+ 50. Kf2 e5 51. Rh7 Rd2+ 52. Ke1 Rxa2 53. Rxa7 Nd3+ 54. Kf1 Kf4 55. Rf7+ Ke3 56. Re7 Rf2+ 57. Kg1 Rf6 58. Re8 e4 0-1

[Event "Bundesliga 2324"]
[Site "Germany"]
[Date "2024.01.13"]
[Round "5.6"]
[White "Hausrath, Daniel"]
[Black "Hoeffer, David"]
[Result "1-0"]
[WhiteElo "2462"]
[BlackElo "2323"]
[PlyCount "97"]
[EventDate "2023.10.21"]
[EventType "team-tourn"]
[EventRounds "15"]
[EventCountry "GER"]
[SourceTitle "CB03_2024"]
[SourceDate "2024.01.17"]
[SourceVersion "1"]
[SourceVersionDate "2024.01.17"]
[SourceQuality "1"]
[WhiteTeam "Muelheim Nord"]
[BlackTeam "Lister Turm"]
[WhiteTeamCountry "GER"]
[BlackTeamCountry "GER"]

1. Nf3 d5 2. g3 Bg4 3. Bg2 Nd7 4. h3 Bxf3 5. Bxf3 c6 6. 0-0 h5 7. d4 e6 8. c4 h4 9. g4 Bd6 10. Nc3 dxc4 11. b3 Bb8 12. Bg2 cxb3 13. Qxb3 Qc7 14. f4 a6 15. Rb1 b5 16. a4 Ra7 17. Ba3 Ngf6 18. Rbc1 bxa4 19. Qb4 c5 20. dxc5 0-0 21. c6 Qb6+ 22. Qxb6 Nxb6 23. Bc5 Nbd5 24. Nxd5 Nxd5 25. Bxd5 exd5 26. Rb1 Ra8 27. Bxf8 Kxf8 28. Ra1 Ke7 29. Rfd1 d4 30. Kg2 Bxf4 31. Rxd4 Be5 32. Re4 f6 33. Raxa4 Kd6 34. Rec4 Kc7 35. Ra5 Kb6 36. Ra3 Ra7 37. Rb3+ Kc7 38. Rd3 Kc8 39. g5 Rc7 40. Ra3 fxg5 41. Rxa6 Kd8 42. Re4 Bf6 43. Ra8+ Rc8 44. Re8+ Kxe8 45. Rxc8+ Ke7 46. Kf3 Kd6 47. Kg4 Kd5 48. e4+ Kd6 49. Kf5 1-0

[Event "Titled Tuesday intern op 09th Jan Early"]
[Site "Chess.com INT"]
[Date "2024.01.09"]
[Round "1"]
[White "Shuvalova, Polina"]
[Black "Hoeffer, David"]
[Result "1-0"]
[WhiteElo "2475"]
[BlackElo "2302"]
[PlyCount "61"]
[EventDate "2024.01.09"]
[EventType "swiss (blitz)"]
[EventRounds "11"]
[EventCountry "USA"]
[SourceTitle "CB03_2024"]
[SourceDate "2024.01.17"]
[SourceVersion "1"]
[SourceVersionDate "2024.01.17"]
[SourceQuality "1"]

1. e4 Nc6 2. Nf3 f5 3. exf5 d5 4. d4 Bxf5 5. Bb5 e6 6. 0-0 Bd6 7. Re1 Qf6 8. Bg5 Qg6 9. c4 h6 10. Bh4 a6 11. Bxc6+ bxc6 12. c5 Be7 13. Ne5 Qh7 14. Bg3 h5 15. h3 h4 16. Bh2 Bf6 17. Nxc6 Qg6 18. Qa4 Kf8 19. Qa3 Ne7 20. Nxe7 Kxe7 21. c6+ Kf7 22. Be5 Rh5 23. Nd2 Rg5 24. Qf3 Rh8 25. Re3 Rhh5 26. Rae1 Rxg2+ 27. Qxg2 Rg5 28. Bg3 Bxd4 29. Nf3 Rxg3 30. fxg3 hxg3 31. Nxd4 1-0

[Event "Bremen Silvester op-A"]
[Site "Bremen"]
[Date "2022.12.27"]
[Round "2"]
[White "Villwock, Martin"]
[Black "Hoeffer, David"]
[Result "1/2-1/2"]
[WhiteElo "2107"]
[BlackElo "2326"]
[PlyCount "57"]
[EventDate "2022.12.27"]
[EventType "swiss"]
[EventRounds "7"]
[EventCountry "GER"]
[SourceTitle "CBM 211 Extra"]
[Source "ChessBase"]
[SourceDate "2023.01.31"]
[SourceVersion "1"]
[SourceVersionDate "2023.01.31"]
[SourceQuality "1"]

1. e4 e5 2. f4 d5 3. exd5 exf4 4. Nf3 Nf6 5. Bb5+ c6 6. dxc6 Nxc6 7. d4 Bd6 8. 0-0 0-0 9. c3 Bg4 10. Na3 Bc7 11. Bd2 Ne4 12. Be1 Qf6 13. Qc2 Bf5 14. Nh4 g5 15. Nxf5 Qxf5 16. Bd3 Rfe8 17. Rd1 Rad8 18. Bf2 Qg6 19. Rfe1 f5 20. d5 Nxf2 21. Kxf2 Bb6+ 22. Kf1 Qh5 23. Nc4 Ne5 24. Nxb6 Qxh2 25. Bxf5 Qh1+ 26. Kf2 Qh4+ 27. Kf1 Qh1+ 28. Kf2 Qh4+ 29. Kf1 1/2-1/2

[Event "Titled Tuesday intern op 19th May"]
[Site "Chess.com INT"]
[Date "2020.05.19"]
[Round "6"]
[White "Hoeffer, David"]
[Black "Koenig, David E"]
[Result "1-0"]
[WhiteElo "2342"]
[BlackElo "2263"]
[PlyCount "57"]
[EventDate "2020.05.19"]
[EventType "swiss (blitz)"]
[EventRounds "10"]
[EventCountry "USA"]
[SourceTitle "EXT 2021"]
[Source "ChessBase"]
[SourceDate "2020.10.23"]
[SourceVersion "1"]
[SourceVersionDate "2020.10.23"]
[SourceQuality "1"]

1. e4 e5 2. Nf3 Nc6 3. Bb5 Nf6 4. 0-0 Nxe4 5. Re1 Nd6 6. Nxe5 Be7 7. Nxc6 dxc6 8. Bd3 0-0 9. c3 g6 10. Bc2 c5 11. d4 cxd4 12. Qxd4 Bf6 13. Qd1 Bg7 14. Nd2 Bf5 15. Nf3 Bxc2 16. Qxc2 h6 17. Bf4 Qf6 18. Be5 Qf5 19. Qxf5 gxf5 20. Bxd6 cxd6 21. Rad1 Rad8 22. Re7 b5 23. Rxa7 b4 24. cxb4 Bxb2 25. b5 Rfe8 26. g3 Re2 27. a4 Ba3 28. Rc7 Bc5 29. Rxc5 1-0

[Event "Titled Tuesday intern op1 3rd March  "]
[Site "Chess.com INT"]
[Date "2020.03.03"]
[Round "7"]
[White "Hoeffer, David"]
[Black "Hosseinzadeh, Nima"]
[Result "1/2-1/2"]
[WhiteElo "2328"]
[BlackElo "2217"]
[PlyCount "55"]
[EventDate "2020.03.03"]
[EventType "swiss (blitz)"]
[EventRounds "10"]
[EventCountry "USA"]
[SourceTitle "EXT 2021"]
[Source "ChessBase"]
[SourceDate "2020.10.23"]
[SourceVersion "1"]
[SourceVersionDate "2020.10.23"]
[SourceQuality "1"]

1. e4 e5 2. Nf3 Nc6 3. d4 exd4 4. Nxd4 Nf6 5. Nxc6 bxc6 6. e5 Qe7 7. Qe2 Nd5 8. c4 Nb6 9. b3 a5 10. Bb2 a4 11. Nc3 axb3 12. axb3 Rxa1+ 13. Bxa1 Qa3 14. Qb2 Qa5 15. Be2 Qxe5 16. 0-0 Bb4 17. Qc2 Qe7 18. Bd3 h6 19. Na2 Bd6 20. Bxg7 Rg8 21. Bb2 Bxh2+ 22. Kxh2 Qh4+ 23. Kg1 Rxg2+ 24. Kxg2 Qg4+ 25. Kh2 Qh4+ 26. Kg2 Qg4+ 27. Kh2 Qh4+ 28. Kg2 1/2-1/2

[Event "Titled Tuesday intern op1 3rd March  "]
[Site "Chess.com INT"]
[Date "2020.03.03"]
[Round "2"]
[White "Hoeffer, David"]
[Black "Sanal, Vahap"]
[Result "0-1"]
[WhiteElo "2328"]
[BlackElo "2581"]
[PlyCount "210"]
[EventDate "2020.03.03"]
[EventType "swiss (blitz)"]
[EventRounds "10"]
[EventCountry "USA"]
[SourceTitle "EXT 2021"]
[Source "ChessBase"]
[SourceDate "2020.10.23"]
[SourceVersion "1"]
[SourceVersionDate "2020.10.23"]
[SourceQuality "1"]

1. e4 e5 2. Nf3 Nc6 3. Bb5 a6 4. Ba4 Nf6 5. 0-0 b5 6. Bb3 Be7 7. d3 0-0 8. a4 Rb8 9. axb5 axb5 10. Nc3 d6 11. Ne2 Bg4 12. Ng3 Nd4 13. Nxd4 Bxd1 14. Nc6 Qe8 15. Nxe7+ Qxe7 16. Nf5 Qd7 17. Rxd1 Ra8 18. Bg5 Rfb8 19. Nh6+ gxh6 20. Bxf6 Rxa1 21. Rxa1 Qc8 22. h3 Ra8 23. Re1 Kf8 24. Re3 c6 25. Rg3 d5 26. Bxe5 Qe6 27. d4 f6 28. Rf3 Kg7 29. exd5 cxd5 30. Rxf6 Qxf6 31. Bxf6+ Kxf6 32. Bxd5 Ra1+ 33. Kh2 Rb1 34. b3 b4 35. Be4 Rd1 36. Bd3 Re1 37. Kg3 Re7 38. Kf4 Ke6 39. Bc4+ Kd6 40. g4 Re8 41. Kf3 Re1 42. Kf4 Rh1 43. Kg3 Rd1 44. Bd3 Kd5 45. Bxh7 Kxd4 46. f4 Ke3 47. f5 Rd6 48. Kh4 Kf4 49. Kh5 Kg3 50. h4 Kf4 51. Bg6 Rc6 52. Kxh6 Kxg4 53. h5 Kf4 54. Kg7 Kg5 55. Kf7 Rxc2 56. Ke7 Rc3 57. Bf7 Rh3 58. Ke6 Re3+ 59. Kd6 Kxf5 60. Kc5 Kf6 61. Bc4 Re5+ 62. Kxb4 Rxh5 63. Kc3 Ke7 64. Kd4 Rg5 65. Kc3 Kd6 66. Kd4 Rg4+ 67. Ke3 Ke5 68. Kd3 Rg3+ 69. Ke2 Kd4 70. Kf2 Rg7 71. Kf3 Rg6 72. Kf4 Rf6+ 73. Kg5 Rf8 74. Kg6 Ke5 75. Kg7 Rf2 76. Kg6 Rb2 77. Kg7 Rd2 78. Kg6 Rg2+ 79. Kf7 Rg3 80. Ke7 Rg7+ 81. Kf8 Ra7 82. Ke8 Kf6 83. Kd8 Rh7 84. Ke8 Rh2 85. Kd8 Rd2+ 86. Kc8 Ke5 87. Kc7 Rd6 88. Kb7 Kd4 89. Kc7 Rh6 90. Kb7 Kc5 91. Kc7 Rh7+ 92. Kd8 Ra7 93. Ke8 Kd6 94. Kf8 Re7 95. Kg8 Ke5 96. Kf8 Kf6 97. Kg8 Re8+ 98. Kh7 Rc8 99. Bd5 Rb8 100. Bc4 Rd8 101. Bg8 Rd7+ 102. Kh6 Rg7 103. Bc4 Rg5 104. b4 Rg4 105. Bd3 Rh4# 0-1

[Event "Titled Tuesday intern op 7th Januar"]
[Site "Chess.com INT"]
[Date "2020.01.07"]
[Round "3"]
[White "Hoeffer, David"]
[Black "Gadimbayli, Abdulla Azar"]
[Result "0-1"]
[WhiteElo "2342"]
[BlackElo "2461"]
[PlyCount "96"]
[EventDate "2020.01.07"]
[EventType "swiss (blitz)"]
[EventRounds "10"]
[EventCountry "USA"]
[SourceTitle "EXT 2021"]
[Source "ChessBase"]
[SourceDate "2020.10.23"]
[SourceVersion "1"]
[SourceVersionDate "2020.10.23"]
[SourceQuality "1"]

1. d4 d5 2. c4 e5 3. dxe5 d4 4. a3 Nc6 5. Nf3 Nge7 6. e3 Bg4 7. Be2 dxe3 8. Qxd8+ Rxd8 9. Bxe3 Bxf3 10. Bxf3 Nxe5 11. Bxb7 Nxc4 12. Bxa7 c6 13. Bc5 Rd7 14. Ba6 Nxb2 15. 0-0 Nd3 16. Bxd3 Rxd3 17. a4 Nd5 18. Re1+ Kd7 19. Bxf8 Rxf8 20. Na3 Rc3 21. Nb1 Rc5 22. Nd2 Ra8 23. Nb3 Rc3 24. Reb1 c5 25. a5 Ra6 26. g3 Kc6 27. Nd2 Nb4 28. Ne4 Rc4 29. Nd2 Rc2 30. Nf3 Kb5 31. Ne5 f6 32. Nf7 Rd2 33. Rd1 Rxd1+ 34. Rxd1 Kxa5 35. Rd7 c4 36. Nd6 c3 37. Nc4+ Kb5 38. Ne3 g5 39. Rb7+ Rb6 40. Rxh7 c2 41. Nxc2 Nxc2 42. h4 g4 43. Rg7 f5 44. Kg2 Re6 45. h5 Ne1+ 46. Kf1 Nf3 47. Rb7+ Kc6 48. Rb1 Nd2+ 0-1

[Event "Titled Tuesday intern op 7th Januar"]
[Site "Chess.com INT"]
[Date "2020.01.07"]
[Round "4"]
[White "Hoeffer, David"]
[Black "Pavlidis, Antonios"]
[Result "0-1"]
[WhiteElo "2342"]
[BlackElo "2556"]
[PlyCount "64"]
[EventDate "2020.01.07"]
[EventType "swiss (blitz)"]
[EventRounds "10"]
[EventCountry "USA"]
[SourceTitle "EXT 2021"]
[Source "ChessBase"]
[SourceDate "2020.10.23"]
[SourceVersion "1"]
[SourceVersionDate "2020.10.23"]
[SourceQuality "1"]

1. d4 Nf6 2. c4 e6 3. Nf3 Bb4+ 4. Bd2 Bxd2+ 5. Qxd2 0-0 6. Nc3 d6 7. e4 e5 8. Bd3 Bg4 9. d5 a5 10. Qe3 Bxf3 11. gxf3 Nh5 12. Ne2 Na6 13. 0-0-0 Nc5 14. Bc2 Qf6 15. Rhg1 Nf4 16. Nxf4 exf4 17. Qd2 h5 18. Rg2 Ra6 19. Rdg1 g6 20. Rg5 Rb6 21. Bb1 Rb4 22. Rf5 Rxc4+ 23. Bc2 Qg7 24. Rxf4 a4 25. Kd1 Qxb2 26. Bd3 Nxd3 27. Qxb2 Nxb2+ 28. Kd2 b5 29. Rh4 Kh7 30. Ke3 Re8 31. Kf4 Nd3+ 32. Kg5 Kg7 0-1

[Event "Oberliga Nord W 1920"]
[Site "Germany"]
[Date "2019.12.08"]
[Round "4.1"]
[White "Hoeffer, David"]
[Black "Ackermann, Dennie"]
[Result "1-0"]
[WhiteElo "2337"]
[BlackElo "2133"]
[PlyCount "60"]
[EventDate "2019.09.29"]
[EventType "team-tourn"]
[EventRounds "9"]
[EventCountry "GER"]
[SourceTitle "CBM 195 Extra"]
[Source "ChessBase"]
[SourceDate "2020.05.31"]
[SourceVersion "1"]
[SourceVersionDate "2020.05.31"]
[SourceQuality "1"]

1. d4 d5 2. Nf3 Nf6 3. c4 e6 4. Nc3 dxc4 5. e3 Bb4 6. Bxc4 0-0 7. 0-0 c5 8. Qe2 Nbd7 9. Rd1 Qe7 10. Ne5 Nb6 11. Bd3 Rd8 12. a3 Ba5 13. Bd2 Nbd7 14. Nd5 exd5 15. Bxa5 b6 16. Nc6 Qd6 17. Nxd8 bxa5 18. Bb5 Nb8 19. dxc5 Qxd8 20. e4 Qc7 21. exd5 Bg4 22. Qc4 Bxd1 23. d6 Qc8 24. Rxd1 a6 25. Ba4 Nc6 26. Qd3 Ne5 27. Qc3 Qg4 28. Bc2 Re8 29. h3 Qd7 30. Qxa5 Qf5 1-0

[Event "Oberliga Nord W 1920"]
[Site "Germany"]
[Date "2019.11.24"]
[Round "3.1"]
[White "Bokros, Albert"]
[Black "Hoeffer, David"]
[Result "0-1"]
[WhiteElo "2471"]
[BlackElo "2337"]
[PlyCount "100"]
[EventDate "2019.09.29"]
[EventType "team-tourn"]
[EventRounds "9"]
[EventCountry "GER"]
[SourceTitle "CBM 195 Extra"]
[Source "ChessBase"]
[SourceDate "2020.05.31"]
[SourceVersion "1"]
[SourceVersionDate "2020.05.31"]
[SourceQuality "1"]

1. e4 e5 2. Nf3 d6 3. d4 exd4 4. Nxd4 Nf6 5. Nc3 Be7 6. g3 0-0 7. Bg2 Nc6 8. Nde2 a5 9. 0-0 a4 10. h3 a3 11. b3 Re8 12. g4 Nb4 13. Ng3 Nd7 14. Nce2 Bf6 15. c3 g6 16. Be3 Nc6 17. Qd2 Ra6 18. Rad1 b5 19. f4 Bg7 20. Bf2 Nf8 21. Qd3 b4 22. e5 bxc3 23. Nxc3 Ne6 24. Nge2 dxe5 25. Qc4 Ncd4 26. fxe5 c5 27. Nxd4 cxd4 28. Bxd4 Nxd4 29. Rxd4 Qe7 30. Kh1 Re6 31. Nd5 Qa7 32. Nc7 Bxe5 33. Nxe8 Ba6 34. Rd8 Bxc4 35. bxc4 Qe3 36. g5 Qxg5 37. Nf6+ Kg7 38. Rg8+ Kh6 39. Ng4+ Kh5 40. Rxf7 Re7 41. Rf1 Bc7 42. Rgf8 Kh4 43. Rd1 Qc5 44. Rc8 Qxc4 45. Nh2 Qf4 46. Nf3+ Kh5 47. Rg8 Re3 48. Rf1 Rxf3 49. Bxf3+ Kh6 50. Rf2 Qg3 0-1

[Event "Titled Tuesday intern op 2nd July"]
[Site "Chess.com INT"]
[Date "2019.07.02"]
[Round "6"]
[White "Thorn, Eric"]
[Black "Hoeffer, David"]
[Result "0-1"]
[WhiteElo "2212"]
[BlackElo "2337"]
[PlyCount "122"]
[EventDate "2019.07.02"]
[EventType "swiss (blitz)"]
[EventRounds "10"]
[EventCountry "USA"]
[SourceTitle "EXT 2021"]
[Source "ChessBase"]
[SourceDate "2020.10.23"]
[SourceVersion "1"]
[SourceVersionDate "2020.10.23"]
[SourceQuality "1"]

1. d4 Nf6 2. c4 g6 3. Nc3 Bg7 4. e4 d6 5. Nf3 0-0 6. Be2 e5 7. d5 a5 8. Bg5 h6 9. Be3 Na6 10. Nd2 Nd7 11. f3 f5 12. a3 f4 13. Bf2 Qg5 14. Bf1 Nac5 15. b4 axb4 16. axb4 Rxa1 17. Qxa1 Na6 18. Qa3 Qe7 19. c5 dxc5 20. bxc5 Ndxc5 21. d6 Qxd6 22. Nd5 Be6 23. Bc4 Kh7 24. 0-0 Bxd5 25. exd5 Rd8 26. Rc1 Bf8 27. Qa1 Bg7 28. Qb1 h5 29. Bxa6 Nxa6 30. Ne4 Qb4 31. Ng5+ Kg8 32. Qxg6 Qe7 33. Bh4 Rxd5 34. Qh7+ Kf8 35. Qxh5 Qd7 36. Rf1 Rd1 37. Nh7+ Kg8 38. Ng5 Rxf1+ 39. Kxf1 e4 40. Qh7+ Kf8 41. Qxe4 Qd1+ 42. Be1 Nc5 43. Qf5+ Kg8 44. Qxc5 Qd3+ 45. Kg1 Bd4+ 46. Bf2 Bxc5 47. Bxc5 Qd1+ 48. Kf2 Qc2+ 49. Kf1 Qxc5 50. Ne4 Qe5 51. Ke2 b5 52. Kd3 c5 53. g3 c4+ 54. Ke2 fxg3 55. hxg3 b4 56. Ke3 b3 57. f4 Qe7 58. Kd4 b2 59. Nc3 Qg7+ 60. Kxc4 Qxc3+ 61. Kxc3 b1Q 0-1

[Event "Titled Tuesday intern op 2nd July"]
[Site "Chess.com INT"]
[Date "2019.07.02"]
[Round "4"]
[White "Wieczorek, Oskar"]
[Black "Hoeffer, David"]
[Result "1/2-1/2"]
[WhiteElo "2497"]
[BlackElo "2337"]
[PlyCount "68"]
[EventDate "2019.07.02"]
[EventType "swiss (blitz)"]
[EventRounds "10"]
[EventCountry "USA"]
[SourceTitle "EXT 2021"]
[Source "ChessBase"]
[SourceDate "2020.10.23"]
[SourceVersion "1"]
[SourceVersionDate "2020.10.23"]
[SourceQuality "1"]

1. e4 e5 2. f4 d6 3. Nf3 exf4 4. Bc4 Nf6 5. Nc3 Be7 6. 0-0 0-0 7. d4 Nxe4 8. Nxe4 d5 9. Bd3 dxe4 10. Bxe4 c6 11. Bxf4 Be6 12. Qd2 Nd7 13. Ng5 Bxg5 14. Bxg5 Qb6 15. c3 Ne5 16. Be7 Nc4 17. Qg5 h6 18. Qg3 f5 19. Bxf8 Rxf8 20. Bc2 Qxb2 21. Bb3 b5 22. Rae1 Bd5 23. Re7 g5 24. Bxc4 bxc4 25. Rxa7 f4 26. Qh3 Qe2 27. Rf2 Qe1+ 28. Rf1 Qe2 29. Rf2 Qd1+ 30. Rf1 Qd2 31. Rf2 Qc1+ 32. Rf1 Qc2 33. Rf2 Qd1+ 34. Rf1 Qe2 1/2-1/2

[Event "Titled Tuesday intern op 2nd April"]
[Site "Chess.com INT"]
[Date "2019.04.02"]
[Round "6"]
[White "Hoeffer, David"]
[Black "Erdogdu, Mert"]
[Result "0-1"]
[WhiteElo "2314"]
[BlackElo "2391"]
[PlyCount "126"]
[EventDate "2019.04.02"]
[EventType "swiss (blitz)"]
[EventRounds "10"]
[EventCountry "USA"]
[SourceTitle "EXT 2021"]
[Source "ChessBase"]
[SourceDate "2020.10.23"]
[SourceVersion "1"]
[SourceVersionDate "2020.10.23"]
[SourceQuality "1"]

1. Nc3 d5 2. e4 d4 3. Nce2 c5 4. Ng3 Nc6 5. Nf3 g6 6. Bc4 Bg7 7. 0-0 Nf6 8. d3 0-0 9. Bg5 Bg4 10. Bb3 Ne5 11. Bf4 Nfd7 12. c4 e6 13. Qe2 Qf6 14. Bxe5 Nxe5 15. Bd1 Bxf3 16. gxf3 Bh6 17. Kg2 Rab8 18. a4 b6 19. Rh1 Qh4 20. Qc2 a6 21. Be2 f5 22. Rhb1 a5 23. h3 Rb7 24. Rh1 Bf4 25. Rag1 Kh8 26. Kf1 Nf7 27. Ke1 Ng5 28. Rg2 Rbf7 29. Qd1 Rf6 30. Rgg1 Bc7 31. Rg2 fxe4 32. Nxe4 Nxf3+ 33. Bxf3 Rxf3 34. Kd2 R8f4 35. Qe2 Qh5 36. Kc1 Qf5 37. Kb1 Rxd3 38. Qxd3 Rxe4 39. Ka2 Rf4 40. Qb3 e5 41. Qb5 e4 42. h4 Rxf2 43. Rxf2 Qxf2 44. Qe8+ Kg7 45. Qxe4 Qf7 46. Qe2 h5 47. Rf1 Qd7 48. Qd3 Qxa4+ 49. Kb1 Qd7 50. Rg1 Qe6 51. Ka2 b5 52. b3 bxc4 53. bxc4 Bd8 54. Ka3 Bxh4 55. Ka4 Qc6+ 56. Ka3 a4 57. Rf1 Bf6 58. Qg3 Qb6 59. Rg1 Qb4+ 60. Ka2 Qxc4+ 61. Ka3 Qc2 62. Rg2 Qb1 63. Kxa4 Qb4# 0-1